000 00996cam a2200253 4500
001 sa 66004309
003 DLC
005 20260227112241.0
008 860214m19629999ii bd 00000 hino
010 _asa 66004309
041 0 _ahinraj
043 _aa-ii---
050 0 _aPK2707
_b.R3
245 0 0 _aRājasthānnī sabada kosa;
_bRājasthānī Hindī br̥hat kośa.
_cKartā Sītārāmma Lāḷasa. Vyutpatti ādi dvārā parishkāraka Nityānanda Śāstrī Dādhīca.
250 _a[1. saṃskaraṇa]
260 0 _aJodhapura :
_bRājāsthānī Śodha Saṃsthāna,
_c1962-<1978 >
300 _a<v. 1; v. 2, pts. 1-2; v. 3, pts. 1-3; v. 4, pts. 1-3 in 9 > ;
_c28 cm.
500 _aHindi and Rajasthani.
500 _aVol. 1 includes a short history of Rajasthani language and literature, in Hindi.
504 _aIncludes bibliographical references.
650 0 _aRajasthani language
_xDictionaries
_xHindi.
650 0 _aRajasthani philology.
700 1 0 _aLāḷasa, Sītārāmma.
999 _c69343
_d69343